| 000 | 00840nam a22002297a 4500 | ||
|---|---|---|---|
| 005 | 20170515112128.0 | ||
| 010 | _aENG-113294 | ||
| 020 |
_c395.00 _a9788120330481 |
||
| 035 | _aEN-96826 | ||
| 035 | _aB-663836 | ||
| 037 | _bDBAD/PUB | ||
| 037 | _bBookwell | ||
| 082 | _a624.18341 | ||
| 100 | _aGambhir, M.L. | ||
| 245 |
_aFundamentals of reinforced concrete design / _cby M.L. Gambhir |
||
| 260 |
_aDelhi _bPHI Learning _c2015 |
||
| 270 |
_aRimjhim House, 111, Patparganj Industrial Estate, _bDelhi _e110092 |
||
| 300 |
_axvi,519p. : _c25cm(pbk) _bill. |
||
| 500 | _aIncludes index | ||
| 942 |
_2ddc _cEN _mGAM _h624.18341 |
||
| 999 |
_c94308 _d94308 |
||